000 00301nam a22001337a 4500
008 190225b xxu||||| |||| 00| 0 eng d
020 _a0847671070
041 _aeng
080 _a338
100 _a52
101 _aMNG
245 _aEthics in the World of Business
_cBraybrooke, D
942 _2udc
_cBK
999 _c54179
_d54179